00724nam a2200157Ia 4500008004100000024006400041082001800105100008800123245003800211260002500249600002100274650003800295856010700333952010900440999001700549250506s9999 xx 000 0 und d a17B-089-CS, 17B-070-CS, 17B-078-CS, 17B-094-CS & 17B-067-CS a005.23072 FAI aFaiza Zafar, Hafiz Muhammad Talha, Ahmed Sartaj, Usman Ahmed Khan & Arti Kartar Lal 0aReal Time Vehicle Security System aKarachi:bUIT,c2017 aComputer Science aBachelor of Computer Science (BS) uhttps://drive.google.com/file/d/1nlsHL0eBBgpfz-6UqDzPNmcieRmyW71k/view?usp=sharingyClick here for PDF 001040708PR-CSaUITUbUITUd2022-07-26l0o005.23072 FAIpBS-631r2025-05-06 11:34:41w2025-05-06yPR c28960d28960